Otvorenie VSE Arény

Bibliographic Details
Main Author: Sýkorová, Edita (Author)
Format: Article
Language:Slovak
PhysicalDescription:Fotogr.
Subjects:

MARC

LEADER 00000nab a2200000 ar4500
001 vtls010561364
003 SK-MaSNL
005 20260305044702.0
008 131128c2012 xo mr|p|||||||000 b|slo
038 |a SNSK 
040 |b slo  |c SNSK  |e AACR2 
041 |a slo 
044 |a xo  |c SK 
080 |a 725.826  |x (437.672.121.142)  |2 2001 
100 1 |a Sýkorová, Edita  |4 aut  |9 1087574 
245 1 0 |a Otvorenie VSE Arény  |c Edita Sýkorová 
300 |b Fotogr. 
610 2 7 |a VSA Aréna (Spišská Nová Ves (Slovensko)  |2 snsk  |9 1628139 
650 0 7 |a zimné štadióny  |2 snsk  |9 76138 
650 0 7 |a otvorenie  |2 snsk  |9 765696 
650 0 7 |a hokejbal  |2 snsk  |9 19183 
651 7 |a Spišská Nová Ves (Slovensko)  |2 snsk  |9 28800 
773 0 |t Ičko. Informátor. Kultúrno-spoločenský mesačník mesta Spišská Nová Ves  |g Č. 10/2012, s. 5 
852 |a SNSK  |b KIS3GCP 
999 |c 3359986  |d 3361916